Statistics for AFCON 2022 Quiz

Click here to take the quiz!

General Stats

  • This quiz has been taken 128 times
  • The average score is 16 of 24

Answer Stats

Answer% Correct
Cameroon
94%
Egypt
93%
Nigeria
91%
Morocco
89%
Algeria
87%
Senegal
87%
Ivory Coast
83%
Tunisia
81%
Ghana
80%
Mali
74%
Guinea
71%
Burkina Faso
67%
Comoros
67%
Gabon
60%
Sudan
59%
Ethiopia
57%
Gambia
57%
Sierra Leone
54%
Guinea-Bissau
51%
Cape Verde
49%
Equatorial Guinea
49%
Mauritania
46%
Zimbabwe
46%
Malawi
34%

Score Distribution

Percentile by Number Answered

Percent of People with Each Score

Your Score History

You have not taken this quiz